000 00389nam a2200133Ia 4500
005 20260326100036.0
008 260326s9999||||xx |||||||||||||| ||und||
100 _aRodríguez Demorizi, Emilio
245 0 _aEspaña y los comienzos de la Pintura y la Escultura en América /
_cEmilio Rodríguez Demorizi
260 _bGráficas Reunidas
300 _a207 p.
650 _aARTE
942 _cBK
999 _c6829
_d6829